[Event "ch-USA"]
[Site "Saint Louis USA"]
[Date "2010.05.23"]
[Round "9"]
[White "Christiansen,L"]
[Black "Finegold,B"]
[Result "1/2-1/2"]
[WhiteElo "2578"]
[BlackElo "2539"]

1.e4 c6 2.d4 d5 3.Nc3 dxe4 4.Nxe4 Bf5 5.Ng3 Bg6 6.h4 h6 7.Nf3 Nd7 8.h5 Bh7
9.Bd3 Bxd3 10.Qxd3 e6 11.Bd2 Ngf6 12.O-O-O Qc7 13.Ne4 O-O-O 14.g3 Nxe4 15.Qxe4 Nf6
16.Qe2 Bd6 17.Kb1 Kb8 18.c4 c5 19.Bc3 cxd4 20.Nxd4 a6 21.g4 Bf4 22.f3 Rc8
23.b3 b5 24.Nc2 bxc4 25.Nb4 Qb6 26.Rd4 e5 27.Rxc4 Rxc4 28.Qxc4 Rc8 29.Qd3 a5
30.Nc2 Qc5 31.Bb2 Qd5 32.Qe2 e4 33.Rf1 Qd3 34.Qxd3 exd3 35.Ne1 d2 36.Ng2 Nd5
37.Rd1 Bg5 38.f4 Bf6 39.Rxd2 Nc3+ 40.Bxc3 Rxc3 41.Re2 Bd4 42.Re4 Bf2 43.Re2 Bd4
44.Nh4 Bf6 45.Nf5 Rf3 46.Re4 Rf1+ 47.Kc2 Rf2+ 48.Kd3 Rxa2 49.Nd6 Rg2 50.f5 Rg3+
51.Kc4 Rc3+ 52.Kb5 Rxb3+ 53.Kxa5 Kc7 54.Nxf7 Kc6 55.Ka4 Kd5 56.Kxb3 Kxe4
57.Kc4 Kf4 58.Kd3 Kxg4 59.Nxh6+ gxh6 60.Ke2 Kg3 61.Kf1 Kh2 62.Kf2 Bh4+ 63.Kf1 Kh1
64.Ke2 Kg2 65.Ke3 Bf6 66.Ke2 Bh4 67.Ke3 Kf1 68.Kf3 Bf6 69.Kg3 Kg1 70.Kf3 Kf1
71.Kg3 Be5+ 72.Kf3 Bg7  1/2-1/2

[Event "National Open"]
[Site "Las Vegas USA"]
[Date "2010.06.12"]
[Round "3"]
[White "Foisor,C"]
[Black "Finegold,B"]
[Result "1/2-1/2"]
[WhiteElo "2401"]
[BlackElo "2539"]

1.Nf3 Nf6 2.g3 d5 3.Bg2 c6 4.d3 Bg4 5.Nbd2 Nbd7 6.O-O e6 7.h3 Bxf3 8.Nxf3 Bd6
9.Qe1 Qc7 10.e4 O-O-O 11.a4 h6 12.b4 dxe4 13.dxe4 Ne5 14.Nxe5 Bxe5 15.Ra3 g5
16.Qe2 Rhg8  1/2-1/2

[Event "National Open"]
[Site "Las Vegas USA"]
[Date "2010.06.13"]
[Round "5"]
[White "Blanco Fernandez,A"]
[Black "Finegold,B"]
[Result "0-1"]
[WhiteElo "2315"]
[BlackElo "2539"]

1.Nf3 c5 2.b3 Nf6 3.Bb2 b6 4.c4 Bb7 5.e3 e6 6.Be2 Be7 7.O-O O-O 8.d4 cxd4
9.Nxd4 a6 10.Nc3 d6 11.Bf3 Qc7 12.Rc1 Nbd7 13.Bxb7 Qxb7 14.Qf3 Qxf3 15.gxf3 Rfc8
16.Rfd1 h6 17.Kf1 Bf8 18.Ke2 Rc5 19.f4 Rh5 20.Nf3 b5 21.cxb5 axb5 22.a4 bxa4
23.bxa4 Nb6 24.Rd4 Rha5 25.Ba3 Nxa4 26.Nxa4 Rxa4 27.Rxa4 Rxa4 28.Ra1 Ne4
29.Bb2 Rxa1 30.Bxa1 Be7 31.Ne1 Bf6 32.Bxf6 Nxf6 33.f3 Kf8 34.Kd3 Ke7 35.Ng2 Kd7
36.Kd4 Kc6 37.Ne1 Nd7 38.Nc2 Nb8 39.Kc4 d5+ 40.Kd3 Kc5 41.h4 Nc6 42.Kc3 h5
43.Ne1 Kd6 44.Ng2 Ne7 45.Kd3 Kc5 46.e4 d4 47.Ne1 Ng6 48.Ng2 f5 49.exf5 exf5
50.Kc2 Kc4 51.Kd2 Kd5 52.Kc2 Kc5 53.Kd2 Kc4 54.Kc2 d3+ 55.Kd2 Kd4 56.Ne3 Nxh4  0-1

[Event "SPICE Cup GMB"]
[Site "Lubbock USA"]
[Date "2010.10.28"]
[Round "1"]
[White "Diamant,A"]
[Black "Finegold,B"]
[Result "1/2-1/2"]
[WhiteElo "2498"]
[BlackElo "2534"]

1.e4 c6 2.d4 d5 3.exd5 cxd5 4.c4 Nf6 5.Nc3 Nc6 6.Bg5 e6 7.Nf3 Be7 8.a3 O-O
9.Bd3 dxc4 10.Bxc4 b6 11.O-O Bb7 12.Qd3 h6 13.Bxf6 Bxf6 14.Rad1 Ne7 15.Ba2 Nd5
16.Ne4 Nf4 17.Qe3 Nd5 18.Qd3 Nf4 19.Qe3  1/2-1/2

[Event "SPICE Cup GMB"]
[Site "Lubbock USA"]
[Date "2010.10.29"]
[Round "2"]
[White "Finegold,B"]
[Black "Kuljasevic,D"]
[Result "1/2-1/2"]
[WhiteElo "2534"]
[BlackElo "2555"]

1.e4 c5 2.Nf3 Nc6 3.Bb5 e6 4.c3 a6 5.Bxc6 bxc6 6.d4 d5 7.Ne5 dxe4 8.Qa4 Qb6
9.Nd2 Nf6 10.O-O cxd4 11.cxd4 Bb7 12.Ndc4 Qb5 13.Qc2 Rd8 14.a4 Qd5 15.Ne3 Qd6
16.N3c4 Qd5 17.Nb6 Qa5 18.Nbc4 Qd5 19.Qb3 c5 20.Be3 cxd4 21.Bxd4 e3 22.Nf3 e2
23.Rfe1  1/2-1/2

[Event "ch-USA GpB"]
[Site "Saint Louis USA"]
[Date "2011.04.16"]
[Round "2"]
[White "Hess,Ro"]
[Black "Finegold,B"]
[Result "1/2-1/2"]
[WhiteElo "2565"]
[BlackElo "2500"]

1.e4 c6 2.Nc3 d5 3.d4 dxe4 4.Nxe4 Bf5 5.Nc5 Qc7 6.Bd3 Bxd3 7.Nxd3 e6 8.Nf3 Nd7
9.O-O Ngf6 10.c4 Be7 11.Re1 O-O 12.b3 Rfe8 13.Bb2 b5 14.Rc1 Qb6 15.Nde5 Nxe5
16.Nxe5 Rac8 17.Qf3 Qa6 18.a4 bxa4 19.Ra1 a3 20.Bxa3 Bxa3 21.b4 Qb6 22.Qxa3 Rc7
23.Qc3 Rd8 24.Red1 h6 25.h3 Ne4 26.Qe3 Nf6 27.Ra4 Qb8 28.Qf3 Qb6 29.Qf4 Rb7
30.Rd3 Re7 31.Qh4 Kf8 32.c5 Qb5 33.Rda3 Ra8 34.Ra5 Qb7 35.Rf3 Qxb4 36.Ra1 Qd2
37.Rxf6 gxf6 38.Nf3 Qd3 39.Qxh6+ Kg8 40.Qxf6 Rb7 41.Kh2 a5 42.Rxa5 Rxa5 43.Qd8+ Kg7
44.Qxa5 Qe4 45.Qc3 f6 46.Kg3 Qg6+ 47.Kh2 Qe4 48.Kg3 Qg6+  1/2-1/2

[Event "ch-USA GpB"]
[Site "Saint Louis USA"]
[Date "2011.04.17"]
[Round "3"]
[White "Finegold,B"]
[Black "Kaidanov,G"]
[Result "1-0"]
[WhiteElo "2500"]
[BlackElo "2569"]

1.d4 d5 2.c4 e6 3.Nc3 c6 4.Nf3 Nf6 5.Bg5 Be7 6.e3 Nbd7 7.Bd3 O-O 8.O-O h6
9.Bh4 dxc4 10.Bxc4 b5 11.Bd3 Bb7 12.Rc1 Rc8 13.Ne5 b4 14.Bxf6 Nxf6 15.Ne4 c5
16.Nxc5 Bxc5 17.dxc5 Qa5 18.c6 Ba8 19.f4 Rc7 20.Rf2 Nd5 21.Qf3 Rd8 22.Rfc2 Qb6
23.Rc5 Nc3 24.Rc4 Nd5 25.Rc5 Nc3 26.Rc4 Nd5 27.Kf2 Ne7 28.Qh5 Nd5 29.Qf3 Ne7
30.Qh5 Nd5 31.Qe2 Re7 32.Nd7 Qc7 33.Be4 Qd6 34.Ne5 Rc7 35.Qc2 f6 36.Nf3 Qe7
37.Rd1 Rd6 38.Nd4 a6 39.Bxd5 Rxd5 40.Qe4 Rc8 41.Rdc1 a5 42.R1c2 Re8 43.c7 Rc5
44.Qxe6+  1-0

[Event "ch-USA GpB"]
[Site "Saint Louis USA"]
[Date "2011.04.18"]
[Round "4"]
[White "Christiansen,L"]
[Black "Finegold,B"]
[Result "1/2-1/2"]
[WhiteElo "2586"]
[BlackElo "2500"]

1.e4 e6 2.d4 d5 3.Nd2 dxe4 4.Nxe4 Bd7 5.Nf3 Bc6 6.Bd3 Nd7 7.O-O Ngf6 8.Ng3 Be7
9.c4 Bxf3 10.Qxf3 c6 11.Re1 O-O 12.Bf4 Re8 13.Rad1 Qb6 14.Bc1 Nf8 15.c5 Qc7
16.h4 Rad8 17.h5 h6 18.b4 Nd5 19.a3 f5 20.Bc4 Bg5 21.Ne2 Qf7 22.Bxg5 hxg5
23.g4 fxg4 24.Qxg4 Nf6 25.Qxg5 Qxh5 26.Qxh5 Nxh5 27.Nc3 Nf6 28.Rd3 Kf7 29.Ne4 Nxe4
30.Rxe4 Re7 31.Rde3 a6 32.Kf1 Rde8 33.Rf4+ Kg8 34.Rg3 Nd7 35.Rh4 Rf8 36.Re4 Kf7
37.Reg4 Rg8 38.Bd3 Ke8 39.Bc4 Nf6 40.Rh4 g5 41.Rh2 Ne4 42.Rd3 Rf8 43.Ke2 Rf4
44.Rg2 e5 45.d5 Nxc5 46.bxc5 Rxc4 47.dxc6 bxc6 48.Rxg5 Rxc5  1/2-1/2

[Event "ch-USA GpB"]
[Site "Saint Louis USA"]
[Date "2011.04.20"]
[Round "6"]
[White "Shankland,S"]
[Black "Finegold,B"]
[Result "1/2-1/2"]
[WhiteElo "2512"]
[BlackElo "2500"]

1.Nf3 Nf6 2.c4 c6 3.Nc3 d5 4.e3 g6 5.d4 Bg7 6.Be2 O-O 7.O-O e6 8.Qc2 Nbd7
9.Rd1 b6 10.b3 Bb7 11.Ba3 Re8 12.Rac1 Qb8 13.Nd2 c5 14.dxc5 bxc5 15.Na4 d4
16.Nxc5 dxe3 17.fxe3 Nxc5 18.Bxc5 h5 19.Bf3 Ng4 20.Nf1 Bxf3 21.gxf3 Ne5 22.Qg2 Qb7
23.f4 Nf3+ 24.Kf2 Qc8 25.Qxf3 Qxc5 26.Rd7 a5 27.Qb7 Rab8 28.Qa7 Qf5 29.Ng3 Qf6
30.Rcd1 Ra8 31.Qb7 a4 32.R7d3 axb3 33.axb3 e5 34.Qf3 Ra2+  1/2-1/2

[Event "ch-USA GpB"]
[Site "Saint Louis USA"]
[Date "2011.04.21"]
[Round "7"]
[White "Finegold,B"]
[Black "Shabalov,A"]
[Result "0-1"]
[WhiteElo "2500"]
[BlackElo "2590"]

1.e4 c5 2.Nf3 d6 3.c3 Nf6 4.Be2 Nbd7 5.d3 b6 6.Nbd2 Bb7 7.O-O g6 8.d4 cxd4
9.cxd4 Nxe4 10.Nxe4 Bxe4 11.Ng5 Bb7 12.Bc4 e6 13.Bxe6 fxe6 14.Nxe6 Qf6 15.Qb3 Qf5
16.Nc7+ Kd8 17.Ne6+ Ke8 18.Nc7+ Kd8 19.Ne6+ Ke7 20.Re1 Kf7 21.Nd8+ Kg7 22.Ne6+ Kg8
23.Nc7+ Qf7 24.Nxa8 Bxa8 25.Bg5 Bd5 26.Qg3 h6 27.Bf4 Qf6 28.Rac1 g5 29.Bd2 Rh7
30.Rc8 Rf7 31.Be3 a5 32.b3 Kh7 33.Rec1 Qf5 34.h3 Nf6 35.R1c7 Be7 36.Rb8 Be6
37.Rc1 Nd5 38.Rb7 Qd3 39.Re1 Qa6 40.Rxe7 Rxe7 41.h4 g4 42.Bc1 Qb5 43.Ba3 Bd7
44.Rxe7+ Nxe7 45.Qxd6 Nf5 46.Qf6 Qd5 47.Qxb6 Nxh4 48.f3 gxf3 49.Qf6 Nf5 50.Qe5 Qxd4+
51.Qxd4 Nxd4 52.Bc5 Ne6 53.Bb6 fxg2 54.Kxg2 a4 55.bxa4 Bxa4 56.Ba7 Kg6 57.Bb8 Kg5
58.Kg3 h5 59.Bd6 h4+ 60.Kh3 Kh5 61.Bb8 Ng5+ 62.Kg2 Kg4 63.a3 Bc6+ 64.Kf2 Ne4+
65.Kg1 Nd2 66.Kf2 Nc4 67.a4 Bxa4 68.Bc7 Bc6 69.Bb8 Nb2 70.Bc7 Nd3+ 71.Ke3 Nb4
72.Kf2 Nd5 73.Bd6 Nf6 74.Kg1 Ne4 75.Bc7 Bb5 76.Kg2 Be2 77.Kg1 Bc4 78.Kg2 h3+
79.Kg1 Ng5 80.Bb8 Nf3+ 81.Kf2 h2 82.Bxh2 Nxh2 83.Ke3 Nf3 84.Ke4 Be6 85.Kd3 Kf4
86.Kc2 Ke3 87.Kc3 Nd2 88.Kc2 Ne4 89.Kc1 Kd3 90.Kb2 Kd2 91.Ka3 Kc3 92.Ka4 Nd6
93.Ka5 Kc4 94.Kb6 Ne8 95.Kc6  0-1

[Event "Chicago Open"]
[Site "Wheeling USA"]
[Date "2011.05.27"]
[Round "3"]
[White "Shetty,A"]
[Black "Finegold,B"]
[Result "0-1"]
[WhiteElo "2122"]
[BlackElo "2494"]

1.e4 c5 2.Nf3 Nc6 3.d4 cxd4 4.Nxd4 g6 5.Nc3 Bg7 6.Be3 Nf6 7.Bc4 O-O 8.Bb3 d6
9.f3 Bd7 10.Qd2 Nxd4 11.Bxd4 b5 12.h4 a5 13.h5 a4 14.Bxf6 exf6 15.Bd5 b4
16.Ne2 f5 17.Bxa8 Qxa8 18.Qxd6 Bb5 19.hxg6 hxg6 20.Nf4 Rd8 21.Qxb4 Qb8 22.Qe7 fxe4
23.Rd1 Re8 24.Qh4 exf3+ 25.Kf2 fxg2 26.Rhe1 Rc8 27.Nxg2 Rxc2+ 28.Kg1 Qb6+
29.Kh1 Bf6 30.Qg4 Rc5 31.Nf4 Bc6+ 32.Kh2 Qc7 33.Kh3 Rg5 34.Ne6 fxe6 35.Qxe6+ Kg7
36.Rd6 Rh5+ 37.Kg4 Rf5 38.Red1 Bf3+ 39.Kh3 Qc5 40.Rd7+ Kh6 41.Re1 Qb4 42.Qe3+ g5  0-1

[Event "Chicago Open"]
[Site "Wheeling USA"]
[Date "2011.05.28"]
[Round "4"]
[White "Finegold,B"]
[Black "Dougherty,M"]
[Result "1-0"]
[WhiteElo "2494"]
[BlackElo "2207"]

1.e4 c5 2.c3 d5 3.exd5 Qxd5 4.d4 Nc6 5.Nf3 cxd4 6.cxd4 e5 7.Nc3 Bb4 8.Bd2 Bxc3
9.Bxc3 e4 10.Ne5 Nxe5 11.dxe5 Ne7 12.Qc2 Bf5 13.Rd1 Qc5 14.Qa4+ Nc6 15.Bb5 O-O
16.Bxc6 bxc6 17.Bb4 Qc4 18.b3 Qc2 19.O-O Rfd8 20.Rc1 Qe2 21.Bd6 h5 22.Rfe1 Qd2
23.Rcd1 Qg5 24.Kh1 Re8 25.Re3 h4 26.h3 Rad8 27.Rf1 c5 28.Qa5 Rc8 29.Qc3 Re6
30.Qc1 Rg6 31.Rg1 f6 32.Qc4+ Kh7 33.e6 Rc6 34.Qd5 Ra6 35.e7 Bd7 36.Qxg5 fxg5
37.Bxc5 g4 38.Rxe4 gxh3 39.e8=Q hxg2+ 40.Rxg2  1-0

[Event "Chicago Open"]
[Site "Wheeling USA"]
[Date "2011.05.28"]
[Round "5"]
[White "Finegold,B"]
[Black "Chen,H"]
[Result "1-0"]
[WhiteElo "2494"]
[BlackElo "2297"]

1.e4 e5 2.Bc4 Nf6 3.d3 Nc6 4.Nc3 Na5 5.Nge2 Nxc4 6.dxc4 d6 7.O-O Be7 8.Ng3 c6
9.Qd3 O-O 10.Bg5 Ne8 11.Be3 Bg5 12.Rad1 Bg4 13.Rd2 Bxe3 14.fxe3 Qb6 15.Nf5 Bxf5
16.exf5 Nf6 17.Ne4 Nxe4 18.Qxe4 f6 19.b3 Rad8 20.Rfd1 Qc5 21.c3 a5 22.Qf3 e4
23.Qf4 d5 24.Rd4 Rfe8 25.h3 Re5 26.cxd5 Rdxd5 27.c4 Rxd4 28.exd4 Qa7 29.c5 Re8
30.Re1 Qb8 31.Qxb8 Rxb8 32.Rxe4 Kf7 33.Kf2 g6 34.fxg6+ hxg6 35.Ke2 b6 36.cxb6 Rxb6
37.Kd3 Rb4 38.Re2 Rb6 39.Kc4 Rb5 40.a3 g5 41.Re3 Rf5 42.g4 Rb5 43.a4 Rd5
44.Re4 f5 45.gxf5  1-0

[Event "Chicago Open"]
[Site "Wheeling USA"]
[Date "2011.05.29"]
[Round "6"]
[White "Lenderman,A"]
[Black "Finegold,B"]
[Result "1-0"]
[WhiteElo "2548"]
[BlackElo "2494"]

1.d4 d5 2.c4 c6 3.Nf3 Nf6 4.e3 g6 5.Nc3 Bg7 6.h3 O-O 7.Bd3 e6 8.O-O Nbd7
9.Re1 b6 10.e4 dxe4 11.Nxe4 Nxe4 12.Bxe4 Bb7 13.Bg5 Qc7 14.Qd2 Nf6 15.c5 Rad8
16.Bf4 Qc8 17.b4 Nxe4 18.Rxe4 Rd5 19.Bh6 Qd8 20.Bxg7 Kxg7 21.Rae1 Qe7 22.Ne5 Rfd8
23.Qe3 Rf8 24.h4 f5 25.Nxc6 Bxc6 26.Rxe6 Qxh4 27.Rxc6 Rf7 28.f4 Qd8 29.Re6 Rxd4
30.Qe5+ Kh6 31.Rd6 Rxd6 32.cxd6 a5 33.Re3 Qf6 34.Rd3 g5  1-0

[Event "Chicago Open"]
[Site "Wheeling USA"]
[Date "2011.05.29"]
[Round "7"]
[White "Finegold,B"]
[Black "Mulyar,M"]
[Result "1/2-1/2"]
[WhiteElo "2494"]
[BlackElo "2399"]

1.e4 e5 2.Bc4 Nf6 3.d3 Nc6 4.Nc3 Bc5 5.Bg5 h6 6.Bh4 d6 7.Nd5 g5 8.Bg3 Nxd5
9.Bxd5 Qf6 10.c3 Ne7 11.Bb3 Be6 12.h4 O-O-O 13.h5 Bxb3 14.Qxb3 Qe6 15.Qxe6+ fxe6
16.Nf3 Ng8 17.Ke2 Nf6 18.Raf1 a6 19.Nd2 b5 20.f3 Bb6 21.Bf2 Bxf2 22.Rxf2 Rdf8
23.g3 Rhg8 24.Nf1 Kd7 25.Ne3 c5 26.Rff1 Ke7 27.Rd1 Rc8 28.Ra1 Rb8 29.g4 Nd7
30.Rhd1 Rgf8 31.a3  1/2-1/2

[Event "Chicago Open"]
[Site "Wheeling USA"]
[Date "2011.05.30"]
[Round "8"]
[White "Dehmelt,K"]
[Black "Finegold,B"]
[Result "0-1"]
[WhiteElo "2290"]
[BlackElo "2494"]

1.e4 c5 2.Nf3 Nc6 3.Bb5 e6 4.c3 Nf6 5.d4 cxd4 6.cxd4 d5 7.exd5 Nxd5 8.O-O Be7
9.Nc3 O-O 10.Bxc6 bxc6 11.Nxd5 Qxd5 12.Re1 Rd8 13.Be3 a5 14.Qc2 Bb7 15.Rec1 Rac8
16.h3 Ba8 17.Qc4 Qh5 18.Ne1 Qg6 19.Qe2 f5 20.f4 c5 21.dxc5 Bf6 22.Rd1 Re8
23.Rd2 h6 24.Qf2 e5 25.Rc1 exf4 26.Bxf4 Re4 27.Rcd1 Rce8 28.Qg3 Qh5 29.Nf3 Kh7
30.Bc7 Re3 31.Rf2 Re2 32.Bxa5 f4 33.Qxf4 Rxf2 34.Kxf2 Qxc5+ 35.Kg3 Qxa5 36.b4 Qxa2
37.Qf5+ Kg8 38.b5 Bxf3 39.Qxf3 Be5+ 40.Kh4 Qc4+ 41.Kh5 Bd4 42.Qd3 Qd5+  0-1

[Event "Chicago Open"]
[Site "Wheeling USA"]
[Date "2011.05.30"]
[Round "9"]
[White "Garcia,Gild"]
[Black "Finegold,B"]
[Result "1/2-1/2"]
[WhiteElo "2367"]
[BlackElo "2494"]

1.e4 c5 2.Nf3 Nc6 3.d4 cxd4 4.Nxd4 Nf6 5.Nc3 d6 6.Bg5 e6 7.Qd2 a6 8.O-O-O h6
9.Bf4 Bd7 10.Nxc6 Bxc6 11.Qe1 Qc7 12.Kb1 Be7 13.e5 dxe5 14.Bxe5 Qb6 15.f3 O-O
16.Bd4 Qc7 17.Be5 Qb6 18.Bd4 Bc5 19.Bxf6 gxf6 20.Qg3+ Kh7 21.Bd3+ f5 22.Qe5 Rad8
23.Ne2 Ba3 24.c4 Rg8 25.Ng3 Rg6 26.Qc3 Be7 27.Qc2 Kg8 28.Rhe1 Bh4 29.Re2 Qa5
30.Nh5 Ba4 31.b3 Bc6 32.Red2 Bg5 33.Re2 Be7 34.Nf4 Rg7 35.Qb2 Qa3 36.Qc3 Qb4
37.Qb2 b5 38.Rc2 Qa3 39.Qc3 bxc4 40.Qxc4 Bb5 41.Qc3 Qd6 42.g3 e5 43.Rcd2 Qb8
44.Bxb5 Rxd2 45.Rxd2 exf4 46.Rd7 fxg3 47.hxg3 Qxb5 48.Rxe7 Rxg3 49.a4 Qb8
50.Rc7 Rg1+ 51.Ka2 Rg2+ 52.Kb1 Rg1+ 53.Ka2 Rg2+ 54.Kb1 Rg1+  1/2-1/2

[Event "US Chess League 2011"]
[Site "ICC INT"]
[Date "2011.08.31"]
[Round "1"]
[White "Finegold,B"]
[Black "Kraai,J"]
[Result "1-0"]
[WhiteElo "2489"]
[BlackElo "2514"]

1.Nf3 Nf6 2.g3 c5 3.Bg2 Nc6 4.O-O g6 5.c3 Bg7 6.d4 cxd4 7.cxd4 d5 8.Nc3 O-O
9.Ne5 Bf5 10.Bg5 Ne4 11.Nxc6 bxc6 12.Nxe4 dxe4 13.Be3 Qd5 14.Qa4 Rfd8 15.Rfd1 Qb5
16.Qc2 Rd7 17.Rd2 Rad8 18.Bxe4 Bxd4 19.Bxf5 Qxf5 20.Qxf5 gxf5 21.Rad1 c5
22.b4 Rd6 23.bxc5 Bxc5 24.Rxd6 Bxd6 25.Rd5 Rc8 26.Rxf5 Bb4 27.Rg5+ Kf8 28.Rh5 Kg8
29.Rg5+ Kf8 30.Rh5 Kg8 31.Bxa7 Ra8 32.Rg5+ Kf8 33.Bd4 Rxa2 34.Rh5 Kg8 35.Rg5+ Kf8
36.Rh5 Kg8 37.e4 f6 38.Rb5 Bd6 39.e5 fxe5 40.Bxe5 Ba3 41.Ra5 Re2 42.Kf1 Re4
43.Bc3 Bd6 44.Rg5+ Kf8 45.Bg7+ Kf7 46.Bh6 Re6 47.Rg7+ Kf8 48.Rg6+ Kf7 49.Rg7+ Kf8
50.Rg6+ Kf7 51.Rxe6 Kxe6 52.Ke2 Kf5 53.Kf3 Bb4 54.h4 Kg6 55.Be3 h5 56.Ke4 e6
57.Ke5 Kf7 58.f3 Be1 59.Bf4 Bf2 60.Ke4 Kg6 61.Bd6 Be1 62.Bb8 Bf2 63.Bc7 Be1
64.Kf4 Bf2 65.Bd8 Bd4 66.g4 Bc3 67.Ke4 Bb2 68.Ba5 Bf6 69.Be1 Bb2 70.Bg3 Bc3
71.Kd3 Ba5 72.Ke4 Bc3 73.Kd3 Ba5 74.Kc4 Bb6 75.Kb5 Be3 76.Kc6 Ba7 77.Kb7 Bd4
78.Kc6 Ba7 79.Kd7 hxg4 80.fxg4 Kf7 81.h5 Be3 82.Kd6 Bg5 83.Ke5 Bd8 84.Ke4 Bg5
85.Bf4 Be7 86.g5 Bf8 87.Be5 Kg8 88.Bf6 Bd6 89.g6  1-0

[Event "US Chess League 2011"]
[Site "ICC INT"]
[Date "2011.09.06"]
[Round "2"]
[White "Casella,M"]
[Black "Finegold,B"]
[Result "0-1"]
[WhiteElo "2268"]
[BlackElo "2489"]

1.c4 b6 2.Nc3 Bb7 3.e4 e6 4.Nge2 g6 5.g3 Bg7 6.Bg2 Ne7 7.O-O O-O 8.d4 d6
9.Bg5 Nd7 10.Qd2 e5 11.d5 a6 12.Rae1 Qe8 13.f4 f6 14.Bh4 Bh6 15.Nd1 b5 16.Ne3 bxc4
17.Ng4 Bg7 18.Qb4 Nc5 19.fxe5 fxe5 20.Rxf8+ Qxf8 21.Rf1 Qe8 22.Qxc4 a5 23.Bf6 Ba6
24.Qc2 h5 25.Bxg7 Kxg7 26.Nf6 Qb5 27.Qd2 Qxe2 28.Qg5 Ng8 29.g4 Qxg2+ 30.Kxg2 Bxf1+
31.Kxf1 Rf8 32.gxh5 Rxf6+ 33.Ke1 Nxe4 34.Qg1 Nc5 35.Qe3 Ne7 36.h6+ Kh7 37.Qg5 Nxd5
38.h4 Ne4 39.Qg4 Rf1+ 40.Ke2 Rf2+ 41.Ke1 Rf1+ 42.Ke2 Rf2+ 43.Ke1 Nf4  0-1

[Event "Kings vs Queens Rapid"]
[Site "Saint Louis USA"]
[Date "2011.09.10"]
[Round "1"]
[White "Finegold,B"]
[Black "Zatonskih,A"]
[Result "1-0"]
[WhiteElo "2489"]
[BlackElo "2508"]

1.e4 e6 2.d4 d5 3.exd5 exd5 4.Nf3 Nf6 5.Bd3 Bd6 6.Qe2+ Qe7 7.Qxe7+ Bxe7 8.Bf4 c6
9.O-O h6 10.Re1 Be6 11.Ne5 Nbd7 12.Ng6 fxg6 13.Rxe6 Kf7 14.Re2 Rhe8 15.Nd2 Nh5
16.Be3 Bd6 17.g3 Re7 18.Nf3 g5 19.Rae1 Rae8 20.Kf1 Nhf6 21.Bc1 Rxe2 22.Rxe2 Rxe2
23.Kxe2 Ke6 24.h4 gxh4 25.Nxh4 g5 26.Nf5 Bf8 27.f3 Nb6 28.g4 Nc4 29.b3 Nd6
30.a4 b6 31.Bd2 Nxf5 32.Bxf5+ Kf7 33.f4 h5 34.fxg5 Nxg4 35.Bf4 Bg7 36.Bb8 a6
37.c3 c5 38.Ba7 cxd4 39.cxd4 b5 40.a5 Bf8 41.Bc8 Bb4 42.Bb6 Kg6 43.Bxa6 Kxg5
44.Bxb5 Bxa5 45.Bxa5 h4 46.Bd8+ Kf4 47.Bxh4 Ke4 48.Bd3+ Kxd4 49.b4 Ke5 50.Bg3+ Ke6
51.b5 Nf6 52.b6 Nd7 53.b7  1-0

[Event "Kings vs Queens Rapid"]
[Site "Saint Louis USA"]
[Date "2011.09.12"]
[Round "3"]
[White "Finegold,B"]
[Black "Lahno,Kateri"]
[Result "1/2-1/2"]
[WhiteElo "2489"]
[BlackElo "2554"]

1.d4 Nf6 2.c4 g6 3.Nc3 d5 4.e3 Bg7 5.Qb3 e6 6.Qa3 Nc6 7.Nf3 a5 8.cxd5 Nb4
9.Qb3 exd5 10.a3 Na6 11.Bd2 O-O 12.Bd3 b6 13.O-O c5 14.Bb5 c4 15.Qa4 Nc7
16.Bc6 Rb8 17.b4 cxb3 18.Qxb3 Qd6 19.Bb5 Ne4 20.Rfc1 Nxc3 21.Rxc3 Nxb5 22.Qxb5 Bd7
23.Qb3 Rfc8 24.Rac1 Rxc3 25.Rxc3 Rc8 26.Rxc8+ Bxc8 27.Qc3 Ba6 28.Ne5 f6 29.Nd3 Bf8
30.Bc1 Qd7 31.h3 Qb5 32.Nf4 Bd6 33.Qb2 Qf1+ 34.Kh2 Bc4 35.Qxb6 Bxf4+ 36.exf4 Qxc1
37.Qd8+ Kg7 38.Qe7+ Kg8 39.Qe8+ Kg7 40.Qe7+  1/2-1/2

[Event "US Chess League 2011"]
[Site "ICC INT"]
[Date "2011.09.14"]
[Round "3"]
[White "Bercys,S"]
[Black "Finegold,B"]
[Result "1/2-1/2"]
[WhiteElo "2477"]
[BlackElo "2489"]

1.d4 d5 2.c4 c6 3.Nf3 Nf6 4.e3 g6 5.Nc3 Bg7 6.Be2 O-O 7.O-O dxc4 8.Bxc4 Bg4
9.h3 Bxf3 10.Qxf3 Nbd7 11.Rd1 e5 12.d5 e4 13.Nxe4 Nxe4 14.Qxe4 Nb6 15.Rb1 Re8
16.Qc2 Qh4 17.Bf1 Nxd5 18.g3 Qe7 19.Bg2 Rad8 20.Bd2 Nb4 21.Qb3 Na6 22.Ba5 Rxd1+
23.Rxd1 Bf6 24.Be1 Kg7 25.Bf1 h5 26.Bxa6 bxa6 27.Bc3 h4 28.gxh4 Rh8 29.Qc4 Rh5
30.Qxc6 Bxc3 31.Qxc3+ Kh7 32.Rd4 Rxh4 33.Rxh4+ Qxh4 34.Qc7 Qg5+ 35.Kh2 Qf6
36.Kg2 Qg5+ 37.Kf1 Qb5+ 38.Ke1 Qf5 39.Ke2 Qb5+ 40.Ke1 Qf5 41.Ke2  1/2-1/2

[Event "Kings vs Queens Rapid"]
[Site "Saint Louis USA"]
[Date "2011.09.15"]
[Round "5"]
[White "Finegold,B"]
[Black "Fierro Baquero,M"]
[Result "1/2-1/2"]
[WhiteElo "2489"]
[BlackElo "2378"]

1.e4 d5 2.exd5 Qxd5 3.Nc3 Qa5 4.Nf3 Nf6 5.g3 c6 6.Bg2 Bg4 7.h3 Bh5 8.O-O e6
9.d3 Be7 10.Bd2 Qc7 11.Bf4 Bd6 12.Bxd6 Qxd6 13.Re1 O-O 14.Qe2 Nbd7 15.Ne4 Nxe4
16.Qxe4 Nf6 17.Qe5 Rad8 18.Qxd6 Rxd6 19.Ne5 Rfd8 20.Nc4 R6d7 21.Ne5 Rd6 22.Nc4 R6d7
23.Ne5 Rd6  1/2-1/2

[Event "US Chess League 2011"]
[Site "ICC INT"]
[Date "2011.09.28"]
[Round "5"]
[White "Friedel,J"]
[Black "Finegold,B"]
[Result "1/2-1/2"]
[WhiteElo "2518"]
[BlackElo "2489"]

1.e4 e6 2.d4 d5 3.Nd2 dxe4 4.Nxe4 Bd7 5.Nf3 Bc6 6.Bd3 Nd7 7.O-O Ngf6 8.Ng3 Be7
9.Re1 Bxf3 10.Qxf3 c6 11.c3 O-O 12.Bf4 Re8 13.Nf1 Nd5 14.Bg3 Bf6 15.Nd2 c5
16.Nc4 cxd4 17.cxd4 Nf8 18.Rad1 Re7 19.h4 a6 20.h5 h6 21.Be4 Rd7 22.Be5 Nh7
23.Qg3 Ng5 24.Bxd5 exd5 25.Nd6 Bxe5 26.dxe5 Ne4 27.Nxe4 dxe4 28.Rd6 Rxd6
29.exd6 Qf6 30.d7 Qc6 31.Rd1 Rd8 32.Qe5 Kf8 33.Qd4 f6 34.Qb4+ Kf7 35.Qb3+ Kf8
36.Qb4+ Kf7 37.Qb3+  1/2-1/2

[Event "US Chess League 2011"]
[Site "ICC INT"]
[Date "2011.10.05"]
[Round "6"]
[White "Finegold,B"]
[Black "Panchanathan,M"]
[Result "1/2-1/2"]
[WhiteElo "2489"]
[BlackElo "2586"]

1.d4 Nf6 2.Nf3 e6 3.Bg5 Be7 4.Nbd2 h6 5.Bxf6 Bxf6 6.c3 d6 7.e4 Nd7 8.Bd3 O-O
9.Qe2 e5 10.O-O Qe7 11.Rfe1 g6 12.a4 a5 13.Nc4 Bg7 14.dxe5 dxe5 15.Ne3 Nb6
16.Nc4 Nd7 17.Ne3 Nb6 18.Nc4 Nd7  1/2-1/2

[Event "5th SPICE Cup GpC"]
[Site "Lubbock USA"]
[Date "2011.10.15"]
[Round "1"]
[White "Diamant,A"]
[Black "Finegold,B"]
[Result "1/2-1/2"]
[WhiteElo "2505"]
[BlackElo "2489"]

1.d4 d5 2.c4 c6 3.Nf3 Nf6 4.e3 g6 5.Nc3 Bg7 6.Be2 O-O 7.O-O a6 8.Bd2 e6 9.b4 Nbd7
10.Qc2 Re8 11.Rfd1 e5 12.cxd5 cxd5 13.dxe5 Nxe5 14.Be1 Nc6 15.Qb3 Qe7 16.a3 Be6
17.Ng5 Bf5 18.Rac1 Rad8 19.Nf3 Be6 20.Qb1 Bf5 21.Qb3 Be6 22.Qb1 Bf5 23.Qb3  1/2-1/2

[Event "5th SPICE Cup GpC"]
[Site "Lubbock USA"]
[Date "2011.10.16"]
[Round "2"]
[White "Finegold,B"]
[Black "Perelshteyn,E"]
[Result "1/2-1/2"]
[WhiteElo "2489"]
[BlackElo "2534"]

1.e4 c5 2.Nf3 g6 3.c3 Bg7 4.h3 d5 5.exd5 Qxd5 6.d4 Nf6 7.Qb3 Qxb3 8.axb3 cxd4
9.Nxd4 O-O 10.Na3 Bd7 11.Be2 Nc6 12.Nxc6 Bxc6 13.O-O  1/2-1/2

[Event "5th SPICE Cup GpC"]
[Site "Lubbock USA"]
[Date "2011.10.16"]
[Round "3"]
[White "Aleskerov,F"]
[Black "Finegold,B"]
[Result "0-1"]
[WhiteElo "2316"]
[BlackElo "2489"]

1.d4 d5 2.Nf3 Nf6 3.e3 c5 4.c3 cxd4 5.exd4 Nc6 6.Ne5 g6 7.Bb5 Bd7 8.Nxd7 Qxd7
9.O-O Bg7 10.Nd2 a6 11.Bd3 O-O 12.f4 b5 13.a3 Na5 14.b3 Nb7 15.a4 Qc7 16.Bb2 Nd6
17.Qe2 Rab8 18.axb5 axb5 19.Kh1 Rfc8 20.Rfc1 Nc4 21.bxc4 bxc4 22.Bxc4 Rxb2
23.Ba6 Rcb8 24.Qe3 Ng4 25.Qg3 h5 26.h3 Nh6 27.Nf1 Nf5 28.Qh2 Bh6 29.Re1 Bxf4
30.Qg1 Qxc3 31.Rad1 R8b4 32.Bd3 e6 33.Bxf5 exf5 34.Re8+ Kg7 35.Nh2 Ra2 36.Rf1 Qxd4
37.Qxd4+ Rxd4 38.Nf3 Re4 39.Rd8 Ree2 40.Rg1 Be3  0-1

[Event "5th SPICE Cup GpC"]
[Site "Lubbock USA"]
[Date "2011.10.17"]
[Round "5"]
[White "Herman,Ma"]
[Black "Finegold,B"]
[Result "0-1"]
[WhiteElo "2414"]
[BlackElo "2489"]

1.e4 c5 2.Nf3 Nc6 3.Bb5 e6 4.O-O Nge7 5.c3 a6 6.Ba4 b5 7.Bc2 Bb7 8.Qe2 d5
9.e5 d4 10.Be4 Nd5 11.d3 Be7 12.cxd4 cxd4 13.Nbd2 O-O 14.Nb3 Qb6 15.Bxd5 exd5
16.Qd2 f6 17.e6 Bd6 18.Nh4 Rae8 19.Nf5 Bb8 20.Qe2 g6 21.Qg4 Ne5 22.Qxd4 Qxe6
23.Nh6+ Kg7 24.Nc5 Qd6 25.Bf4 Bc8 26.h4 Nf3+ 27.gxf3 Qxf4 28.Qxf4 Bxf4 29.Ng4 h5
30.Nh2 Re2 31.Rfe1 Rfe8 32.Rxe2 Rxe2 33.Nf1 Rxb2 34.d4 a5 35.Ne3 Bxe3 36.fxe3 a4
37.a3 Bh3 38.Nd3 Rg2+ 39.Kh1 Rc2 40.Nf4 Bd7 41.Nxd5 Bc6 42.e4 Bxd5 43.exd5 Rc3
44.Kg2 Kf7 45.Re1 Rd3 46.Rb1 Rxd4 47.Rxb5 Rxh4 48.Rb7+ Ke8 49.Kg3 g5 50.Rh7 Rh1
51.Kg2 Rd1 52.Rxh5 Rxd5 53.Rh8+ Kf7 54.Ra8 Rd4 55.Ra6 Kg6 56.Kg3 Rc4 57.Ra8 f5
58.Rg8+ Kf6 59.Ra8 g4 60.fxg4 Rxg4+ 61.Kf3 Rc4 62.Kf2 Kg5 63.Ra7 Kg4 64.Rg7+ Kf4
65.Ra7 Rc2+ 66.Kf1 Kf3 67.Kg1 Rc1+ 68.Kh2 Rc4 69.Kg1 Ke2 70.Rf7 f4 71.Kg2 Re4
72.Rf8 Ke3 73.Rf7 Re8 74.Rf6 Rg8+ 75.Kf1 Rc8 76.Ra6 Rc1+ 77.Kg2 f3+ 78.Kg3 Rg1+
79.Kh2 f2 80.Re6+ Kd3 81.Rf6 f1=R  0-1